<?xml version="1.0" encoding="UTF-8"?><?xml-stylesheet type="text/xsl" href="static/style.xsl"?><OAI-PMH xmlns="http://www.openarchives.org/OAI/2.0/" xmlns:xsi="http://www.w3.org/2001/XMLSchema-instance" xsi:schemaLocation="http://www.openarchives.org/OAI/2.0/ http://www.openarchives.org/OAI/2.0/OAI-PMH.xsd"><responseDate>2026-04-13T07:33:59Z</responseDate><request verb="GetRecord" identifier="oai:www.recercat.cat:20.500.12328/1701" metadataPrefix="marc">https://recercat.cat/oai/request</request><GetRecord><record><header><identifier>oai:recercat.cat:20.500.12328/1701</identifier><datestamp>2025-05-16T12:50:10Z</datestamp><setSpec>com_2072_67741</setSpec><setSpec>col_2072_484355</setSpec></header><metadata><record xmlns="http://www.loc.gov/MARC21/slim" xmlns:dcterms="http://purl.org/dc/terms/" xmlns:xsi="http://www.w3.org/2001/XMLSchema-instance" xmlns:doc="http://www.lyncode.com/xoai" xsi:schemaLocation="http://www.loc.gov/MARC21/slim http://www.loc.gov/standards/marcxml/schema/MARC21slim.xsd">
   <leader>00925njm 22002777a 4500</leader>
   <datafield ind2=" " ind1=" " tag="042">
      <subfield code="a">dc</subfield>
   </datafield>
   <datafield ind2=" " ind1=" " tag="720">
      <subfield code="a">Naqui Xicota, Laura</subfield>
      <subfield code="e">author</subfield>
   </datafield>
   <datafield ind2=" " ind1=" " tag="260">
      <subfield code="c">2020-06-08</subfield>
   </datafield>
   <datafield ind2=" " ind1=" " tag="520">
      <subfield code="a">Cada año se presentan cerca de 100.000 casos de Infarto Agudo de Miocardio (IAM) en España, de los&#xd;
cuales un 5-6% son diagnosticados de MINOCA (Myocardial infarction with non-obstructive coronary&#xd;
arteries). MINOCA presenta notables diferencias epidemiológicas y fisiopatológicas respecto al IAM con&#xd;
afectación coronaria obstructiva. Aunque el manejo agudo es similar en ambos casos, sus características&#xd;
sugieren que deben considerarse como entidades independientes en cuanto al tratamiento y&#xd;
seguimiento.&#xd;
No existe evidencia científica sólida sobre la terapia hipolipemiante en pacientes con MINOCA y las&#xd;
recomendaciones actuales parecen ser dudosas, ya que este suele cursar con baja carga ateroesclerótica y&#xd;
ser más frecuente en pacientes de bajo riesgo cardiovascular, a diferencia del IAM.&#xd;
Con el presente estudio se pretende analizar la indicación del tratamiento hipolipemiante como&#xd;
prevención secundaria en pacientes con MINOCA y niveles de c-LDL (low density lipoprotein cholesterol)&#xd;
en rango objetivo para riesgo cardiovascular bajo.&#xd;
Métodos. Ensayo clínico aleatorizado farmacológico de equivalencia doble ciego unicéntrico. Incluye 488&#xd;
pacientes diagnosticados de MINOCA y niveles de c-LDL en rango objetivo para riesgo cardiovascular bajo&#xd;
que acudan al Hospital Vall d’Hebrón (Barcelona, España) y cumplan criterios de selección, entre mayo&#xd;
2020 y mayo 2021.&#xd;
&#xd;
Los pacientes serán asignados a los dos grupos de estudio mediante bloques aleatorios de 4 y 6 sujetos&#xd;
con una razón de asignación 1:1, utilizando un código generado por un ordenador.&#xd;
El grupo intervención recibirá un comprimido de Simvastatina 40mg de igual apariencia, sabor y olor que&#xd;
el placebo que recibirá el grupo control. Ambos comprimidos serán de administración oral cada 24h,&#xd;
deberán iniciarse antes de los 30 días posteriores al MINOCA y mantenerse durante los 36 meses de&#xd;
seguimiento para medir la aparición de eventos cardiovasculares. Todos recibirán el mismo tratamiento&#xd;
cardioprotector: IECA, beta-bloqueante y doble antiagregación.&#xd;
Resultados esperados: se espera poder demostrar que el antecedente de MINOCA sin otros factores de&#xd;
riesgo cardiovasculares no sería suficiente para considerar dichos pacientes “Riesgo muy alto” y, por ello,&#xd;
no sería necesario extremar el objetivo terapéutico de c-LDL a &amp;lt;55mg/dl y al menos 50% de reducción,&#xd;
como ocurre en el IAM.</subfield>
   </datafield>
   <datafield ind1="8" ind2=" " tag="024">
      <subfield code="a">http://hdl.handle.net/20.500.12328/1701</subfield>
   </datafield>
   <datafield tag="653" ind2=" " ind1=" ">
      <subfield code="a">Cardiología</subfield>
   </datafield>
   <datafield tag="653" ind2=" " ind1=" ">
      <subfield code="a">Colesterol</subfield>
   </datafield>
   <datafield tag="653" ind2=" " ind1=" ">
      <subfield code="a">Estatinas</subfield>
   </datafield>
   <datafield tag="653" ind2=" " ind1=" ">
      <subfield code="a">Evento cardiovascular</subfield>
   </datafield>
   <datafield tag="653" ind2=" " ind1=" ">
      <subfield code="a">Prevención secundaria</subfield>
   </datafield>
   <datafield ind2="0" ind1="0" tag="245">
      <subfield code="a">Evaluación del tratamiento hipolipemiante en pacientes con MINOCA: ensayo clínico aleatorizado</subfield>
   </datafield>
</record></metadata></record></GetRecord></OAI-PMH>